| 000 | 00346pab a2200145 454500 | ||
|---|---|---|---|
| 008 | 180718b1986 xxu||||| |||| 00| 0 eng d | ||
| 100 | _aRao, S.N. | ||
| 245 | _aExecutive stress and its management | ||
| 260 | _c1986 | ||
| 300 | _a177-87 | ||
| 362 | _aJuly-Sept. | ||
| 650 | _aManagement | ||
| 773 | _aManagement in Government | ||
| 909 | _a13062 | ||
| 999 |
_c13062 _d13062 |
||